000 00237nam a2200097Ia 4500
001 1229562
005 20250827093104.0
008 250824s9999 xx 000 0 und d
245 0 _aBİR KIZIMIZ OLACAKTI
_cM&T
260 _bPANAMA YAYINLARI
999 _c1229562
_d1229562